000 00711nam a22002057a 4500
005 20161110163158.0
010 _aENG-116515
020 _a9789350980477
_c1095.00
035 _aEN-100047
037 _bDBAD/PUB
082 _a954.023
100 _aLauriston, Jean Law de
245 _aA memoir of the Mughal Empire :
_cby Jean Law de Lauriston ; trancleted by H.S. Cheema
_b events of 1757-1761 /
260 _aNew Delhi
_bManohar Publisher & Distributors
_c2014
270 _a4753/23 Ansari Road,Daryaganj
_bNew Delhi
_e110002
300 _a196p.
_c22cm (Hb)
500 _aIncludes bibliographical references and index
700 _a Cheema, H.S.
942 _2ddc
_cEN
_h954.023
_mLAU
999 _c104582
_d104582